| 000 | 00856cam a2200265 4500 | ||
|---|---|---|---|
| 001 | J11431 | ||
| 008 | 000000n2002 000 0 eng u | ||
| 035 | _a(Sirsi) u117515 | ||
| 041 | _aeng | ||
| 050 | _a333.337 | ||
| 110 |
_aInsignia Richard Ellis _93847 |
||
| 245 | _aProperty investment monitor : January -April 2002 | ||
| 260 |
_aLondon _bInsignia Richard Ellis Research _c2002 |
||
| 300 |
_a4 pt. _c30cm. |
||
| 520 | _aFirst published 2002 and contains IRE Monthly Index ( Replaces old Monthly Index, which was produced from 1988 to December 2001) | ||
| 650 | _aRETAIL SALES | ||
| 650 | _aMANUFACTURING OUTPUT | ||
| 650 | _aCAPITAL VALUES | ||
| 650 | _aECONOMY | ||
| 650 | _aPROPERTY INVESTMENT | ||
| 650 | _aRENTAL GROWTH | ||
| 650 | _aINVESTMENT | ||
| 690 | _aPROPERTY-COMMERCIAL PROPERTY-COMMERCIAL PROPERTY MARKET | ||
| 942 | _n0 | ||
| 999 |
_c102013 _d102013 |
||